00854nam a2200229 a 450000100100000000500170001000800410002702000150006804000250008308200150010810000340012324501260015726000740028330000210035749000190037850000240039770000390042183000250046004900090048595201130049499900170060700002300920200930021929.0101124s1998 xxu r 000 | spa d a0827039131 aDO-SdBNPbspacBNPHU axxxbT454m1 aThomas, Christopher R.94733410aMedio siglo de la Organizacion de los Estados Americanos :bpanorama de un compromiso regional /cChristopher R. Thomas,. aWashington, DC :bOrganizacion de los Estados Americanos(OEA),c1998. a126 p. ;c23 cm. aINTERAMER;v66 aIncluye biografía1 aTreppel, Alison Augusteed.94733510aINTERAMER;v6693423 aBNGR 001050718MOaGRbGRcCTd2010-11-24iLF1l0oxxx T454mp23009-10r2020-06-25w2020-06-25y1ZNo se presta c22506d22506